000 01090nam a2200289 4500
001 0000018067
003 CO-CtgCURN
005 20250429224121.0
007 ta
008 160627s1999 000 0 eng d
020 _a9582004932
040 _aCO-CtgCURN
_bspa
_ccoctgcurn
082 0 _a372.7
_bA13e
100 1 _aMontenegro, Ignacio Abdon.
245 1 0 _aEvaluemos competencias :
_bmatemáticas grados 4, 5, 6 /
_cIgnacio Abdon Montenegro.
260 _aBogotá :
_bCooperativa Editorial del Magisterio,
_c1999.
300 _a166 p.
336 _2rdacontent
337 _2rdamedia
_asin mediacion
_bn
338 _2rdacarrier
_avolumen
_bnc
490 1 _aEvaluemos. Magisterio
505 8 _aFundamentos sobre evaluacion.--Estructura del area de las matemáticas.--Sistemas logicos y conjuntos.--Sistemas numericos.--Sistemas geometricos.--Sistemas metricos.--Sistemas de datos
650 1 4 _aMatemáticas
_vEnseñanza secundaria
_xEvaluacion.
908 _a160627
942 _cBK
_h372.7
_iA13e
_2ddc
999 _c39453
_d39453